[Event "Joao Pessoa de Assis Memorial 3rd"]
[Site "Joao Pessoa"]
[Date "2023.10.22"]
[Round "6"]
[White "Rocha, Vitor Firmo de Souz"]
[Black "De Saboya E Silva, Jose Frederic"]
[Result "1-0"]
[WhiteElo "2223"]
[BlackElo "1976"]
[PlyCount "63"]
[EventDate "2023.10.20"]
[EventType "swiss"]
[EventRounds "6"]
[EventCountry "BRA"]
[SourceTitle "Mega2024 Update 01"]
[Source "Chessbase"]
[SourceDate "2023.11.12"]
[SourceVersion "1"]
[SourceVersionDate "2023.11.12"]
[SourceQuality "1"]

1. Nf3 Nf6 2. g3 b5 3. Na3 a6 4. c4 c6 5. Bg2 e6 6. 0-0 d5 7. d3 Bb7 8. b3 Nbd7 9. Bb2 Be7 10. Qd2 0-0 11. Rac1 c5 12. Rfd1 b4 13. Nc2 Qb8 14. cxd5 Nxd5 15. Ne3 Rd8 16. d4 a5 17. Nc4 N5f6 18. e3 Be4 19. Nfe5 Nxe5 20. Nxe5 Bxg2 21. Kxg2 Qb7+ 22. f3 Rac8 23. Qe2 cxd4 24. Bxd4 h5 25. Kf2 Rxc1 26. Rxc1 Rc8 27. Rxc8+ Qxc8 28. Qc4 Qe8 29. Nc6 Bd6 30. e4 Bc7 31. Nxb4 axb4 32. Qxc7 1-0

[Event "Joao Pessoa de Assis Memorial 3rd"]
[Site "Joao Pessoa"]
[Date "2023.10.22"]
[Round "5"]
[White "Urquiza, Marcello de Albuque"]
[Black "Rocha, Vitor Firmo de Souz"]
[Result "1/2-1/2"]
[WhiteElo "2016"]
[BlackElo "2223"]
[PlyCount "94"]
[EventDate "2023.10.20"]
[EventType "swiss"]
[EventRounds "6"]
[EventCountry "BRA"]
[SourceTitle "Mega2024 Update 01"]
[Source "Chessbase"]
[SourceDate "2023.11.12"]
[SourceVersion "1"]
[SourceVersionDate "2023.11.12"]
[SourceQuality "1"]

1. e4 e6 2. d4 d5 3. Nd2 Nc6 4. Ngf3 Nf6 5. e5 Nd7 6. c3 f6 7. exf6 Qxf6 8. Bb5 Bd6 9. Nf1 0-0 10. Ne3 Qg6 11. Bd3 Qh5 12. Be2 Qf7 13. 0-0 Nf6 14. c4 Bd7 15. Qc2 Ne4 16. cxd5 exd5 17. Nxd5 Rae8 18. Ne3 Kh8 19. Nc4 Bf5 20. Nxd6 Nxd6 21. Qd1 Qd5 22. Be3 Be4 23. Qb3 Qh5 24. Rac1 Nf5 25. Qd1 Nxe3 26. fxe3 Bd5 27. Rc3 Qh6 28. Qd2 Rf6 29. Bd1 b6 30. b3 Rfe6 31. Re1 Rg6 32. Rf1 a5 33. Qf2 Rf6 34. Qd2 g5 35. e4 Rxe4 36. Qxg5 Qxg5 37. Nxg5 Rxf1+ 38. Kxf1 Rf4+ 39. Bf3 Rf5 40. Ke2 Bxf3+ 41. Nxf3 Rf6 42. Ke3 Kg7 43. Ke4 Re6+ 44. Kf4 Rf6+ 45. Ke4 Re6+ 46. Kf4 Rf6+ 47. Ke4 Re6+ 1/2-1/2

[Event "Joao Pessoa de Assis Memorial 3rd"]
[Site "Joao Pessoa"]
[Date "2023.10.21"]
[Round "4"]
[White "Rocha, Vitor Firmo de Souz"]
[Black "Caetano, Hugo Zanotti Mendon"]
[Result "1-0"]
[WhiteElo "2223"]
[BlackElo "2108"]
[PlyCount "75"]
[EventDate "2023.10.20"]
[EventType "swiss"]
[EventRounds "6"]
[EventCountry "BRA"]
[SourceTitle "Mega2024 Update 01"]
[Source "Chessbase"]
[SourceDate "2023.11.12"]
[SourceVersion "1"]
[SourceVersionDate "2023.11.12"]
[SourceQuality "1"]

1. Nf3 d5 2. g3 c5 3. Bg2 Nc6 4. d4 cxd4 5. Nxd4 e5 6. Nxc6 bxc6 7. c4 Be6 8. 0-0 Qd7 9. Qa4 Rc8 10. cxd5 cxd5 11. Qxd7+ Kxd7 12. Rd1 Nf6 13. Nc3 Kc6 14. Bg5 e4 15. Bxf6 gxf6 16. Rac1 Kb7 17. Rb1 f5 18. Nxd5 Bg7 19. g4 fxg4 20. Bxe4 Kb8 21. Ne7 Rc4 22. Bg2 Re8 23. b3 Rc2 24. Nc6+ Kc7 25. Rbc1 Rxc1 26. Rxc1 Kb6 27. Nb4 Rc8 28. Nd5+ Ka5 29. Rxc8 Bxc8 30. Ne7 Bd7 31. Nc6+ Kb5 32. a4+ Kb6 33. a5+ Kb5 34. Nxa7+ Kxa5 35. Nc6+ Kb5 36. Nd8 f5 37. Bd5 f4 38. Ne6 1-0

[Event "Recife PE23 Gr A"]
[Site "Recife"]
[Date "2023.04.06"]
[Round "1"]
[White "Do Nascimento, Christian Almeida"]
[Black "Rocha, Vitor Firmo de Souz"]
[Result "0-1"]
[WhiteElo "2116"]
[BlackElo "2137"]
[PlyCount "107"]
[EventDate "2023.04.06"]
[EventType "tourn"]
[EventRounds "7"]
[EventCountry "BRA"]
[SourceTitle "EXT 2024"]
[Source "ChessBase"]
[SourceDate "2023.10.10"]
[SourceVersion "1"]
[SourceVersionDate "2023.10.10"]
[SourceQuality "1"]

1. d4 c5 2. d5 Nf6 3. Nc3 g6 4. Nf3 Bg7 5. g3 0-0 6. Bg2 d6 7. 0-0 Na6 8. Nd2 Nc7 9. a4 b6 10. Re1 Rb8 11. e4 a6 12. Nc4 Ng4 13. Bf4 Ne5 14. Nxe5 Bxe5 15. Bxe5 dxe5 16. Qd2 Ne8 17. f4 Nd6 18. fxe5 Nc4 19. Qf4 Nxb2 20. Reb1 Nc4 21. Bf1 Na5 22. Be2 Ra8 23. d6 e6 24. Rf1 Nc6 25. h4 Ra7 26. Rf2 Bd7 27. Nd1 Nd4 28. Bf1 b5 29. Ne3 h5 30. axb5 Bxb5 31. Bxb5 Nxb5 32. Raf1 Nc3 33. Qf3 Qa8 34. Nd5 exd5 35. Qxc3 dxe4 36. Rf6 Qd5 37. e6 Qxd6 38. exf7+ Raxf7 39. Rxf7 Rxf7 40. Rxf7 Kxf7 41. Qc4+ Kf6 42. Kg2 Ke5 43. c3 Qd5 44. Qxa6 e3+ 45. Kh2 Qd2+ 46. Kh3 e2 47. Qc8 e1Q 48. Qe8+ Kd5 49. Qa8+ Kc4 50. Qa6+ Kxc3 51. Qa3+ Kd4 52. Qa4+ Qb4 53. Qd7+ Kc3 54. Qg7+ 0-1

[Event "Joao Pessoa op"]
[Site "Joao Pessoa"]
[Date "2023.03.22"]
[Round "3"]
[White "Dos Anjos, Avner Augusto"]
[Black "Rocha, Vitor Firmo de Souz"]
[Result "0-1"]
[WhiteElo "1890"]
[BlackElo "2127"]
[PlyCount "72"]
[EventDate "2023.03.17"]
[EventType "swiss"]
[EventRounds "6"]
[EventCountry "BRA"]
[SourceTitle "EXT 2024"]
[Source "ChessBase"]
[SourceDate "2023.10.10"]
[SourceVersion "1"]
[SourceVersionDate "2023.10.10"]
[SourceQuality "1"]

1. c4 e6 2. g3 d5 3. cxd5 exd5 4. d4 Nf6 5. Nf3 Be7 6. Bg2 0-0 7. 0-0 c6 8. Nc3 Nbd7 9. a3 a5 10. a4 Re8 11. e3 Bd6 12. Ne1 Ne4 13. Nd3 f5 14. f4 Ndf6 15. Ne5 Be6 16. Bd2 Qe7 17. Qe1 Bb4 18. Nxe4 dxe4 19. Bxb4 Qxb4 20. Qxb4 axb4 21. Rfc1 Ra7 22. a5 Rea8 23. Rc5 Nd7 24. Nxd7 Bxd7 25. Rc4 Rxa5 26. Rxa5 Rxa5 27. Rxb4 b5 28. g4 g6 29. gxf5 gxf5 30. Kf2 Be6 31. Bf1 Kg7 32. Be2 Ra1 33. Bf1 Kf6 34. Bh3 Rc1 35. Bf1 Rc2+ 36. Kg3 Rd2 0-1

[Event "Rio de Janeiro Duchamp op 4th"]
[Site "Rio de Janeiro"]
[Date "2022.12.07"]
[Round "1"]
[White "Da Silva, Camila Evaristo"]
[Black "Rocha, Vitor Firmo de Souz"]
[Result "1-0"]
[WhiteElo "1684"]
[BlackElo "2192"]
[PlyCount "49"]
[EventDate "2022.12.07"]
[EventType "swiss"]
[EventRounds "9"]
[EventCountry "BRA"]
[SourceTitle "CBM 211 Extra"]
[Source "ChessBase"]
[SourceDate "2023.01.31"]
[SourceVersion "1"]
[SourceVersionDate "2023.01.31"]
[SourceQuality "1"]

1. d4 Nf6 2. Bf4 d5 3. e3 c5 4. c3 Nc6 5. Nd2 Bf5 6. Qb3 Qd7 7. Ngf3 c4 8. Qd1 Rc8 9. Ne5 Nxe5 10. dxe5 Ne4 11. Nxe4 Bxe4 12. f3 Bf5 13. g4 Bg6 14. h4 h5 15. e4 dxe4 16. Qxd7+ Kxd7 17. 0-0-0+ Ke8 18. Bh3 e6 19. fxe4 Bxe4 20. Rhg1 Bc5 21. Bg5 Bxg1 22. Rxg1 hxg4 23. Bxg4 Kd7 24. Rd1+ Bd5 25. Rxd5+ 1-0

[Event "Natal zt 2.4"]
[Site "Natal"]
[Date "2022.10.04"]
[Round "2"]
[White "Rocha, Vitor Firmo de Souz"]
[Black "Quintiliano Pinto, Renato Rodrigues"]
[Result "0-1"]
[WhiteElo "2173"]
[BlackElo "2506"]
[PlyCount "84"]
[EventDate "2022.10.03"]
[EventType "swiss"]
[EventRounds "9"]
[EventCountry "BRA"]
[SourceTitle "EXT 2024"]
[Source "ChessBase"]
[SourceDate "2023.10.10"]
[SourceVersion "1"]
[SourceVersionDate "2023.10.10"]
[SourceQuality "1"]

1. e4 c5 2. Nf3 d6 3. d4 cxd4 4. Nxd4 Nf6 5. Nc3 a6 6. Bg5 e6 7. Qf3 h6 8. Bxf6 Qxf6 9. Qxf6 gxf6 10. 0-0-0 b5 11. Bxb5+ axb5 12. Ndxb5 Kd7 13. Rd2 Ra6 14. Rhd1 Bb7 15. f3 Rg8 16. h4 Rb6 17. a4 Ba6 18. Kb1 Be7 19. b3 Rc8 20. Kb2 f5 21. exf5 Bf6 22. Rxd6+ Rxd6 23. Rxd6+ Ke7 24. Rd3 Bxb5 25. axb5 Nd7 26. fxe6 fxe6 27. g4 Nb6 28. g5 hxg5 29. hxg5 Bg7 30. Kc1 Bxc3 31. f4 Nd5 32. f5 Ra8 33. f6+ Kf7 34. g6+ Kxg6 35. Rg3+ Kxf6 36. Kd1 Rb8 37. Ke2 Rxb5 38. Kd3 Rb4 39. Rf3+ Ke7 40. Ke2 Rd4 41. Kf1 Rd2 42. Rf2 Ne3+ 0-1

[Event "Joao Pessoa Fischer Memorial 11th"]
[Site "Joao Pessoa"]
[Date "2022.05.08"]
[Round "5"]
[White "De Oliveira, Daniel Paiva"]
[Black "Rocha, Vitor Firmo de Souz"]
[Result "0-1"]
[WhiteElo "1967"]
[BlackElo "2142"]
[PlyCount "86"]
[EventDate "2022.05.06"]
[EventType "swiss"]
[EventRounds "6"]
[EventCountry "BRA"]
[SourceTitle "EXT 2023"]
[Source "ChessBase"]
[SourceDate "2022.10.05"]
[SourceVersion "1"]
[SourceVersionDate "2022.10.05"]
[SourceQuality "1"]

1. e4 e5 2. Nf3 Nc6 3. Bb5 a6 4. Ba4 Nf6 5. d3 d6 6. 0-0 Be7 7. c3 0-0 8. Re1 Nd7 9. Nbd2 Bf6 10. Nf1 Nb6 11. Bc2 d5 12. Ng3 g6 13. Bh6 Re8 14. Qd2 Bg4 15. Bd1 a5 16. h3 Be6 17. h4 a4 18. Bg5 a3 19. b3 Be7 20. exd5 Bxd5 21. Ne4 f6 22. Be3 Nd7 23. Qc2 f5 24. Neg5 h6 25. c4 Nb4 26. Qc3 hxg5 27. cxd5 gxh4 28. Qc4 Kg7 29. Bd2 Nb6 30. Qb5 Qxd5 31. Rxe5 Qxb5 32. Rxb5 Nxd3 33. Bc2 Rad8 34. Be3 Nb4 35. Ne1 Bf6 36. Rxb4 Bxa1 37. Nf3 Bf6 38. Bxb6 cxb6 39. Rxb6 Rd7 40. b4 Re2 41. Bb3 Rb2 42. Be6 Re7 43. Bc4 g5 0-1

[Event "Pernambuco Magistral Masters"]
[Site "Recife"]
[Date "2021.11.12"]
[Round "6"]
[White "Bouwman, Marcelo Wanderley"]
[Black "Rocha, Vitor Firmo de Souz"]
[Result "0-1"]
[WhiteElo "2186"]
[BlackElo "2176"]
[PlyCount "108"]
[EventDate "2021.10.09"]
[EventType "tourn"]
[EventRounds "7"]
[EventCountry "BRA"]
[SourceTitle "EXT 2023"]
[Source "ChessBase"]
[SourceDate "2022.10.05"]
[SourceVersion "1"]
[SourceVersionDate "2022.10.05"]
[SourceQuality "1"]

1. e4 c5 2. Nf3 Nc6 3. d4 cxd4 4. Nxd4 Nf6 5. Nc3 d6 6. Be2 e6 7. Be3 Be7 8. f4 0-0 9. 0-0 Bd7 10. Qe1 Nxd4 11. Bxd4 Bc6 12. Qg3 g6 13. Bf3 b5 14. a3 a5 15. Rad1 b4 16. e5 dxe5 17. Bxc6 exd4 18. Bxa8 bxc3 19. Bf3 cxb2 20. c3 d3 21. a4 Bc5+ 22. Kh1 Be3 23. Be4 Nxe4 24. Qxe3 Nxc3 25. Rxd3 Qb8 26. Rxc3 b1Q 27. Rxb1 Qxb1+ 28. Rc1 Qb4 29. Ra1 Rd8 30. g3 Rd2 31. Re1 Qb2 32. Kg1 Rxh2 33. Qf3 Rh3 34. Qg2 Qd4+ 35. Kf1 Qd3+ 36. Kf2 Qd2+ 37. Re2 Qd4+ 38. Kf1 Rh5 39. Rd2 Qc4+ 40. Ke1 Rd5 41. Rxd5 exd5 42. Qb2 Qe4+ 43. Kf2 d4 44. Qb8+ Kg7 45. Qb5 Qe3+ 46. Kg2 d3 47. Qb2+ f6 48. Qb7+ Kh6 49. Qc8 Qe7 50. Qc3 Qe2+ 51. Kh3 d2 52. Qxf6 Qh5+ 53. Kg2 Qd5+ 54. Kf2 d1Q 0-1

[Event "Pernambuco Magistral Masters"]
[Site "Recife"]
[Date "2021.11.11"]
[Round "5"]
[White "Rocha, Vitor Firmo de Souz"]
[Black "Do Nascimento, Christian Almeida"]
[Result "0-1"]
[WhiteElo "2176"]
[BlackElo "2037"]
[PlyCount "76"]
[EventDate "2021.10.09"]
[EventType "tourn"]
[EventRounds "7"]
[EventCountry "BRA"]
[SourceTitle "EXT 2023"]
[Source "ChessBase"]
[SourceDate "2022.10.05"]
[SourceVersion "1"]
[SourceVersionDate "2022.10.05"]
[SourceQuality "1"]

1. e4 c5 2. Nf3 g6 3. d4 cxd4 4. Nxd4 Bg7 5. c4 Nc6 6. Be3 Nh6 7. Be2 d6 8. 0-0 0-0 9. Nc3 f5 10. Qd2 Nxd4 11. Bxh6 Bxh6 12. Qxh6 f4 13. Rfd1 e5 14. Bf1 Bg4 15. Rd3 Rf5 16. Rxd4 Rh5 17. Qxh5 gxh5 18. Rd3 Kh8 19. h3 Be6 20. Rad1 Qg5 21. b3 a6 22. h4 Qxh4 23. Rxd6 Bh3 24. Nd5 Rf8 25. Nf6 Rxf6 26. Rxf6 Qxf6 27. gxh3 Qg6+ 28. Kh2 Qxe4 29. Rd8+ Kg7 30. Rd7+ Kf8 31. c5 Qc2 32. Kg1 e4 33. Rxb7 e3 34. fxe3 fxe3 35. Rb8+ Ke7 36. Rb7+ Kf6 37. Rb6+ Ke7 38. Bxa6 e2 0-1

[Event "Potiguar-ch fin"]
[Site "Natal"]
[Date "2020.01.25"]
[Round "5"]
[White "Rocha, Vitor Firmo de Souz"]
[Black "Macedo, Maximo Iack Miranda"]
[Result "0-1"]
[WhiteElo "2200"]
[BlackElo "2324"]
[PlyCount "118"]
[EventDate "2020.01.21"]
[EventType "match"]
[EventRounds "8"]
[EventCountry "BRA"]
[SourceTitle "CBM 195 Extra"]
[Source "ChessBase"]
[SourceDate "2020.05.31"]
[SourceVersion "1"]
[SourceVersionDate "2020.05.31"]
[SourceQuality "1"]

1. e4 e5 2. Nf3 Nf6 3. Nc3 Nc6 4. Bb5 Nd4 5. Ba4 Nxf3+ 6. Qxf3 c6 7. 0-0 d6 8. d3 Be7 9. h3 0-0 10. a3 Be6 11. Ne2 Nd7 12. c3 f5 13. exf5 Bxf5 14. Qe3 h6 15. Ng3 Bg6 16. Qe2 Bg5 17. Be3 Bf4 18. Bc2 Qg5 19. Ne4 Qe7 20. Rac1 Rae8 21. Rfe1 d5 22. Nd2 Qd8 23. b4 d4 24. Bxf4 exf4 25. Ne4 f3 26. Qf1 fxg2 27. Qxg2 Ne5 28. Rf1 Bxe4 29. dxe4 Rf6 30. cxd4 Rg6 31. dxe5 Rxg2+ 32. Kxg2 Qg5+ 33. Kf3 Qxe5 34. Bb1 Qb2 35. Rcd1 Qxa3+ 36. Rd3 Qxb4 37. Re3 Qb2 38. Kg3 Re6 39. h4 Rg6+ 40. Kh3 Qe5 41. f4 Qb2 42. Rg3 Rxg3+ 43. Kxg3 a5 44. e5 a4 45. Bg6 a3 46. Rb1 Qc3+ 47. Kg4 b5 48. Rd1 Kf8 49. Rd8+ Ke7 50. Re8+ Kd7 51. e6+ Kc7 52. e7 Kd7 53. h5 a2 54. Ra8 Kxe7 55. Rxa2 b4 56. Ra7+ Kd6 57. Rb7 c5 58. Kf5 Qh3+ 59. Ke4 Qg2+ 0-1

[Event "BRA-ch 86th"]
[Site "Natal"]
[Date "2020.01.11"]
[Round "1.2"]
[White "Rocha, Vitor Firmo de Souz"]
[Black "Labussiere, Victor"]
[Result "1-0"]
[WhiteElo "2200"]
[BlackElo "2363"]
[PlyCount "91"]
[EventDate "2020.01.10"]
[EventType "k.o."]
[EventRounds "4"]
[EventCountry "BRA"]
[SourceTitle "CBM 194 Extra"]
[Source "ChessBase"]
[SourceDate "2020.03.31"]
[SourceVersion "1"]
[SourceVersionDate "2020.03.31"]
[SourceQuality "1"]

1. e4 c5 2. Nf3 Nc6 3. d4 cxd4 4. Nxd4 Nf6 5. Nc3 d6 6. Bg5 e6 7. Qd2 Qb6 8. Nb3 Be7 9. 0-0-0 0-0 10. h4 Rd8 11. f4 a6 12. Bxf6 Bxf6 13. g4 Qc7 14. Rh3 b5 15. g5 Be7 16. a3 b4 17. axb4 Nxb4 18. h5 a5 19. Nb5 Qb6 20. Kb1 Ba6 21. N3d4 Rdc8 22. c4 Nc6 23. Nc2 d5 24. exd5 exd5 25. cxd5 Bxb5 26. Bxb5 Qxb5 27. dxc6 Qxc6 28. Rc3 Qb6 29. Rd3 a4 30. Na3 Rab8 31. Rc1 Rxc1+ 32. Qxc1 Qa6 33. Qd1 Qb7 34. Qe2 Bxa3 35. Rxa3 Qh1+ 36. Kc2 Qd5 37. Rd3 Qc4+ 38. Kb1 Qxf4 39. g6 hxg6 40. hxg6 fxg6 41. Rf3 Qg5 42. Qe6+ Kh7 43. Rh3+ Qh5 44. Rxh5+ gxh5 45. Qf5+ Kh6 46. Qf4+ 1-0

[Event "BRA-ch sf Reg2 86th"]
[Site "Recife"]
[Date "2019.12.21"]
[Round "4"]
[White "Rocha, Vitor Firmo de Souz"]
[Black "Guimaraes, Diogo Duarte"]
[Result "1/2-1/2"]
[WhiteElo "2169"]
[BlackElo "2322"]
[PlyCount "39"]
[EventDate "2019.12.19"]
[EventType "swiss"]
[EventRounds "7"]
[EventCountry "BRA"]
[SourceTitle "CBM 194 Extra"]
[Source "ChessBase"]
[SourceDate "2020.03.31"]
[SourceVersion "1"]
[SourceVersionDate "2020.03.31"]
[SourceQuality "1"]

1. e4 e5 2. Nf3 Nc6 3. Nc3 Nf6 4. Bb5 Bb4 5. 0-0 0-0 6. d3 Bxc3 7. bxc3 d6 8. Bg5 Qe7 9. Re1 a6 10. Bxc6 bxc6 11. Nd2 h6 12. Bh4 Qe6 13. Rb1 Nd7 14. Nc4 f5 15. exf5 Rxf5 16. Bg3 Qg6 17. Ne3 Rf8 18. Qg4 Qxg4 19. Nxg4 Nc5 20. h3 1/2-1/2

[Event "Rio de Janeiro Duchamp op 3rd"]
[Site "Rio de Janeiro"]
[Date "2019.12.10"]
[Round "5"]
[White "Rocha, Vitor Firmo de Souz"]
[Black "Roselli Mailhe, Bernardo"]
[Result "1/2-1/2"]
[WhiteElo "2169"]
[BlackElo "2442"]
[PlyCount "129"]
[EventDate "2019.12.07"]
[EventType "swiss"]
[EventRounds "9"]
[EventCountry "BRA"]
[SourceTitle "CBM 193 Extra"]
[Source "ChessBase"]
[SourceDate "2020.01.31"]
[SourceVersion "1"]
[SourceVersionDate "2020.01.31"]
[SourceQuality "1"]

1. e4 e6 2. d4 d5 3. Nd2 a6 4. Ngf3 c5 5. dxc5 Bxc5 6. Nb3 Ba7 7. exd5 exd5 8. Bd3 Qe7+ 9. Qe2 Nc6 10. Be3 Bxe3 11. Qxe3 Qxe3+ 12. fxe3 Nf6 13. 0-0-0 0-0 14. h3 Re8 15. Rhe1 b6 16. Nbd4 Na5 17. Nd2 Bb7 18. g4 Rad8 19. b3 b5 20. Kb2 g6 21. c3 Re7 22. Re2 Rde8 23. Rde1 Nc6 24. Nxc6 Bxc6 25. b4 h5 26. g5 Nd7 27. Nf3 Ne5 28. Nxe5 Rxe5 29. h4 Bd7 30. e4 Bg4 31. Re3 Bf5 32. a4 dxe4 33. axb5 axb5 34. c4 bxc4 35. Bxc4 Kg7 36. Ra1 f6 37. gxf6+ Kxf6 38. Ra6+ Kg7 39. Kc3 Rc8 40. Kd4 Re7 41. Rd6 g5 42. hxg5 h4 43. Rf6 Bg6 44. Rd6 Rh8 45. Bf1 Rf8 46. Bh3 Rb8 47. Kc3 Rc7+ 48. Kb3 Rcb7 49. Rd4 Bf7+ 50. Kc3 Rc7+ 51. Kd2 Bg6 52. Bg2 Ra8 53. Bxe4 Ra2+ 54. Kd3 Re7 55. Rd6 Bf5 56. Bxf5 Ra3+ 57. Kd4 Raxe3 58. Rg6+ Kf8 59. Rh6 Rf3 60. Rh8+ Kg7 61. Rh7+ Kf8 62. Rh8+ Kg7 63. Rh7+ Kf8 64. Rh8+ Kf7 65. Rh7+ 1/2-1/2